000 00354nam a2200133Ia 4500
008 240624s9999 xx 000 0 und d
041 _aeng
082 _a332.1 GOO
100 _aGOODHART CHARLES A E
245 _aREGULATORY RESPONSE TO THE FINANCIAL CRI
260 _c2009
_aUK
_bEdward Elgar
300 _axii, : 151 : p. : cm. ; 21
365 _cBPS
_b38
999 _c28368
_d28368